[Event "Zicosur2016"]
[Site "?"]
[Date "2016.01.09"]
[Round "7.46"]
[White "ANDRADE, Alexander"]
[Black "ANDUEZA, Danilo"]
[Result "0-1"]
[WhiteElo "1629"]
[BlackElo "2173"]
[PlyCount "38"]
[EventDate "2016.??.??"]

1. d4 d5 2. c4 e6 3. g3 Nf6 4. Bg2 Be7 5. Nf3 O-O 6. O-O dxc4 7. Ne5 Nc6 8.
Nxc6 bxc6 9. Bxc6 Rb8 10. e3 Nd5 11. Nc3 Rb6 12. Ba4 Bb7 13. Rb1 Nxc3 14. bxc3
Rxb1 15. Bc2 Rb5 16. Qe2 Ra5 17. f4 f5 18. a4 Qd5 19. e4 fxe4 0-1

[Event "ZICOSUR 2016"]
[Site "?"]
[Date "2016.01.09"]
[Round "7.54"]
[White "BENNETT, Michael"]
[Black "SANCHEZ, Benjamin"]
[Result "1-0"]
[WhiteElo "1737"]
[BlackElo "1350"]
[PlyCount "57"]
[EventDate "2016.??.??"]

1. e4 c5 2. Nf3 d6 3. d4 cxd4 4. Qxd4 Nc6 5. Bb5 e5 6. Qd3 a6 7. Bc4 Nf6 8. Ng5
Nb4 9. Bxf7+ Ke7 10. Qc4 h6 11. Bg6 Nbd5 12. Nf3 Qa5+ 13. Bd2 Qc7 14. Qb3 Nf4
15. Bxf4 exf4 16. Nc3 Be6 17. Nd5+ Nxd5 18. exd5 Qa5+ 19. c3 Qxd5 20. Qc2 Rc8
21. O-O Kf6 22. Be4 Qb5 23. Nd4 Qa5 24. Nxe6 Kxe6 25. Bxb7 Rc7 26. Rfe1+ Kf6
27. Bf3 d5 28. Bh5 Qxc3 29. Qg6# 1-0

[Event "Zicosur 2016"]
[Site "?"]
[Date "2016.01.09"]
[Round "7.40"]
[White "TORRES CHAVEZ, Pablo"]
[Black "MAGAS VARAS, Rodrigo"]
[Result "0-1"]
[WhiteElo "1802"]
[BlackElo "2089"]
[PlyCount "46"]
[EventDate "2016.??.??"]

1. e4 c5 2. Nf3 e6 3. d4 cxd4 4. Nxd4 a6 5. Nc3 Qc7 6. Be2 b5 7. a3 Bb7 8. Bd3
Nf6 9. O-O d6 10. f4 Nbd7 11. Nb3 Be7 12. Re1 Rc8 13. Re3 h5 14. Qe1 Nc5 15.
Nxc5 dxc5 16. Nd1 c4 17. Bf1 Bc5 18. Nf2 Ng4 19. Nxg4 hxg4 20. Kh1 Bxe3 21.
Qxe3 Qc6 22. e5 Rh3 23. Qe1 g3 0-1

[Event "ZICOSUR2106"]
[Site "?"]
[Date "2016.01.09"]
[Round "7.28"]
[White "MONTERO, Cristhian"]
[Black "ESTRADA, Cristian"]
[Result "1/2-1/2"]
[WhiteElo "2162"]
[BlackElo "1996"]
[PlyCount "65"]
[EventDate "2016.??.??"]

1. d4 d5 2. Nf3 Nf6 3. c4 e6 4. e3 Nbd7 5. Nbd2 c5 6. cxd5 exd5 7. dxc5 Bxc5 8.
Nb3 Bb6 9. Be2 O-O 10. O-O Re8 11. Bd2 Ne4 12. Be1 Ndf6 13. Nfd4 a6 14. Rc1 Qd6
15. f3 Ng5 16. Qd3 Bd7 17. Bg3 Qf8 18. Kh1 h5 19. Rfe1 Rac8 20. Rxc8 Rxc8 21.
h4 Ngh7 22. Bd1 Bc7 23. Bxc7 Rxc7 24. e4 dxe4 25. fxe4 Ng4 26. Qg3 Qc8 27. e5
Nf8 28. e6 Bxe6 29. Nxe6 Nxe6 30. Bxg4 hxg4 31. Qxg4 Rc4 32. Re4 Rxe4 33. Qxe4
1/2-1/2

[Event "zicosur 2016"]
[Site "?"]
[Date "2016.01.09"]
[Round "7.48"]
[White "GUERRERO, Juan"]
[Black "ZEGARRA, Alexis"]
[Result "1-0"]
[WhiteElo "1877"]
[BlackElo "1618"]
[PlyCount "109"]
[EventDate "2016.??.??"]

1. d4 d5 2. c4 c6 3. Nc3 Nf6 4. Bg5 Nbd7 5. e3 e6 6. cxd5 cxd5 7. Nf3 a6 8. Bd3
Bd6 9. O-O O-O 10. a3 b5 11. Rc1 Bb7 12. Kh1 Rc8 13. Nd2 e5 14. b4 e4 15. Be2
Qc7 16. Nb3 Bxh2 17. Nxd5 Qd6 18. Nc3 h6 19. Bxf6 Nxf6 20. Nc5 Bd5 21. Nxd5
Nxd5 22. Nxe4 Qe7 23. Kxh2 Qxe4 24. Bf3 Qh4+ 25. Kg1 Qg5 26. Bxd5 Qxd5 27. Rc5
Qd6 28. Qf3 Rce8 29. Rfc1 Qd8 30. Rd1 Re6 31. d5 Rf6 32. Qe2 Re8 33. Rdc1 Rd6
34. Qf3 Qg5 35. Rc8 Red8 36. Rxd8+ Rxd8 37. Rc5 Qe5 38. e4 Qa1+ 39. Kh2 Qe5+
40. g3 Re8 41. Rc6 Qd4 42. Rxa6 Rxe4 43. Ra8+ Kh7 44. Qf5+ g6 45. Qxf7+ Qg7 46.
Qxg7+ Kxg7 47. Ra5 Rd4 48. Rxb5 Kf6 49. a4 h5 50. a5 Rd2 51. Kg2 Ra2 52. d6 Ke6
53. Rb6 Kd7 54. a6 g5 55. b5 1-0

[Event "ZICOSUR 2016"]
[Site "?"]
[Date "2016.01.09"]
[Round "7.41"]
[White "OLIVA OLAVE, Carlos"]
[Black "PUJAICO, Kevin"]
[Result "1-0"]
[WhiteElo "2063"]
[BlackElo "1792"]
[PlyCount "87"]
[EventDate "2016.??.??"]

1. e4 c5 2. Nc3 Nc6 3. g3 g6 4. Bg2 Bg7 5. d3 d6 6. Be3 e6 7. Qd2 Nd4 8. Nge2
Ne7 9. Nd1 Qc7 10. Nc1 h5 11. c3 Ndc6 12. h3 h4 13. g4 e5 14. Ne2 b6 15. d4 Ba6
16. d5 Na5 17. b3 Qd7 18. O-O f5 19. f3 f4 20. Bf2 g5 21. Nb2 O-O 22. Rfb1 Ng6
23. Nc1 Rfc8 24. Bf1 Bxf1 25. Kxf1 Rc7 26. Ne2 Rac8 27. Rc1 Bf6 28. b4 cxb4 29.
cxb4 Nc4 30. Nxc4 Rxc4 31. Rxc4 Rxc4 32. Rc1 Qb5 33. Rxc4 Qxc4 34. a3 Bd8 35.
Qc3 Qxc3 36. Nxc3 a6 37. b5 axb5 38. Nxb5 Kf8 39. Nxd6 Ne7 40. Ke2 Bc7 41. Nb5
Bd8 42. Kd3 Ke8 43. Kc4 Kd7 44. Na7 1-0

[Event "Zicosur2016"]
[Site "?"]
[Date "2016.01.09"]
[Round "7.37"]
[White "MUÑOS, Nelson"]
[Black "AGUIRRE, Joaquín"]
[Result "1/2-1/2"]
[WhiteElo "2071"]
[BlackElo "1557"]
[PlyCount "66"]
[EventDate "2016.??.??"]

1. d4 Nf6 2. Bg5 d5 3. Nf3 e6 4. e3 b6 5. c3 Bd6 6. Bd3 Bb7 7. Nbd2 Nbd7 8. Qe2
h6 9. Bh4 O-O 10. g4 e5 11. dxe5 Nxe5 12. Nxe5 Bxe5 13. f4 Bd6 14. Rg1 Re8 15.
Qf2 Bc5 16. Rg3 d4 17. Nb3 dxc3 18. O-O-O cxb2+ 19. Kb1 Qe7 20. Nxc5 bxc5 21.
Bxf6 gxf6 22. g5 fxg5 23. fxg5 h5 24. g6 f6 25. Qf5 Be4 26. Qxh5 Bxd3+ 27. Rxd3
Qg7 28. Qd5+ Kf8 29. Qxc5+ Qe7 30. g7+ Kg8 31. Qh5 Qe4 32. Qh8+ Kf7 33. Qh5+
Kg8 1/2-1/2

[Event "Zicosur 2016"]
[Site "?"]
[Date "2016.01.09"]
[Round "7.31"]
[White "HURTADO BAHAMONDE, Rodrigo"]
[Black "JORQUERA CASTILLO, Gabriel"]
[Result "1-0"]
[WhiteElo "2133"]
[BlackElo "1919"]
[PlyCount "91"]
[EventDate "2016.??.??"]

1. e4 c5 2. Nf3 d6 3. d4 cxd4 4. Nxd4 Nf6 5. Nc3 a6 6. Be3 e5 7. Nb3 Be6 8. f3
Be7 9. Qd2 b5 10. O-O-O O-O 11. g4 Qc7 12. g5 b4 13. gxf6 bxc3 14. Qxc3 Qxc3
15. bxc3 Bxf6 16. Rxd6 Be7 17. Rb6 Rc8 18. Kd2 Rd8+ 19. Bd3 a5 20. a4 Rc8 21.
Rb1 Nc6 22. Bb5 Nb8 23. Rb7 Kf8 24. Nc1 Na6 25. Nd3 Rd8 26. Ke2 Rdc8 27. Kd2 f6
28. Rb6 Bc4 29. Bc6 Ra7 30. Bb7 Rd8 31. Rc6 Bxd3 32. cxd3 Nc5 33. Bxc5 Bxc5 34.
Rxc5 Rd7 35. Rcb5 Ke7 36. c4 Rc7 37. c5 Kd7 38. c6+ Ke6 39. Rd5 f5 40. Rbb5
fxe4 41. Rxe5+ Kf6 42. fxe4 h6 43. Rf5+ Kg6 44. Rxa5 Rxa5 45. Rxa5 Kf6 46. Rd5
1-0

[Event "Zicosur 2016"]
[Site "?"]
[Date "2016.01.09"]
[Round "7.8"]
[White "PEREZ GORMAZ, Matías"]
[Black "TAPIA FUENTES, Jaime"]
[Result "1-0"]
[WhiteElo "2422"]
[BlackElo "2288"]
[PlyCount "61"]
[EventDate "2016.??.??"]

1. d4 Nf6 2. c4 g6 3. g3 c6 4. Bg2 d5 5. cxd5 cxd5 6. Nc3 Bg7 7. Nf3 O-O 8. Ne5
Nfd7 9. Nxd5 Nxe5 10. dxe5 Bxe5 11. Bg5 Bd6 12. O-O Nc6 13. Qa4 Bd7 14. Rfd1
Re8 15. Qh4 Rc8 16. Bf6 Ne5 17. Qg5 Ng4 18. Bc3 f6 19. Qd2 Bc5 20. e3 Bc6 21.
Qe2 Bd7 22. Rd2 Rc6 23. Nxf6+ Rxf6 24. Bxf6 Qc8 25. Bc3 b5 26. Rad1 Be6 27. Bd5
Bxd5 28. Rxd5 Bb6 29. Rd7 h5 30. Qxb5 Nxf2 31. Qd5+ 1-0

[Event "Zicosur 2016"]
[Site "?"]
[Date "2016.01.09"]
[Round "7.25"]
[White "GARNIER, René"]
[Black "GOMEZ, Jafet"]
[Result "1/2-1/2"]
[WhiteElo "2178"]
[BlackElo "2088"]
[PlyCount "59"]
[EventDate "2016.??.??"]

1. Nf3 Nf6 2. c4 c5 3. Nc3 e6 4. e3 d5 5. d4 Nc6 6. a3 a6 7. dxc5 Bxc5 8. b4
Be7 9. Bb2 O-O 10. Rc1 dxc4 11. Bxc4 Qxd1+ 12. Rxd1 b5 13. Bd3 Rd8 14. O-O Bb7
15. Bb1 a5 16. Rxd8+ Rxd8 17. bxa5 Ba6 18. Rc1 Nxa5 19. Ba2 Nc4 20. Bxc4 bxc4
21. a4 Rb8 22. Ba1 Ba3 23. Rd1 Nd5 24. h3 Rb3 25. Nxd5 exd5 26. Nd4 Rd3 27.
Rxd3 cxd3 28. Bc3 Bb2 29. Bd2 Bxd4 30. exd4 1/2-1/2

[Event "ZICOSUR 2016"]
[Site "?"]
[Date "2016.01.09"]
[Round "7.21"]
[White "GARMENDIA, Gabriel"]
[Black "ROMERO, Diego"]
[Result "1-0"]
[WhiteElo "2055"]
[BlackElo "2246"]
[PlyCount "79"]
[EventDate "2016.??.??"]

1. e4 c6 2. d4 d5 3. exd5 cxd5 4. c4 Nf6 5. Nc3 Nc6 6. Bg5 e6 7. c5 Be7 8. Bb5
O-O 9. Nf3 Ne4 10. Bxe7 Nxe7 11. Qc2 Qa5 12. Bd3 f5 13. O-O Nc6 14. a3 Qd8 15.
b4 Qf6 16. Rfd1 g5 17. b5 g4 18. bxc6 gxf3 19. gxf3 Ng5 20. Kg2 Qxd4 21. h4
Qxh4 22. Rh1 Qf4 23. Rag1 Rf6 24. Kf1 Rg6 25. Ne2 Qxf3 26. Nd4 Qf4 27. Ne2 Qc7
28. f4 Ne4 29. Bxe4 dxe4 30. Qc3 Qg7 31. Qa5 Qe7 32. Rxg6+ hxg6 33. Qc3 e5 34.
Qh3 Qg7 35. Qh4 Be6 36. cxb7 Rb8 37. c6 g5 38. fxg5 Kf7 39. g6+ Kg8 40. c7 1-0

[Event "ZICOSUR 2016"]
[Site "?"]
[Date "2016.01.09"]
[Round "7.47"]
[White "PINILLA, Agustín"]
[Black "UBEIRA, Enríque"]
[Result "0-1"]
[WhiteElo "2038"]
[BlackElo "1676"]
[PlyCount "104"]
[EventDate "2016.??.??"]

1. e4 c5 2. Nf3 d6 3. d4 cxd4 4. Nxd4 Nf6 5. Nc3 a6 6. h3 e6 7. g4 Be7 8. Bg2
Nfd7 9. a4 Nc6 10. Nde2 Nb6 11. O-O h5 12. b3 hxg4 13. hxg4 Ne5 14. Nd4 Qc7 15.
Bb2 d5 16. f4 Ng6 17. e5 Nxf4 18. Rxf4 Qxe5 19. Nce2 Bg5 20. Rf3 Bd7 21. Bc1
O-O-O 22. a5 Na8 23. c4 dxc4 24. Rc3 Qh2+ 25. Kf1 Bxc1 26. Raxc1 Bc6 27. Bxc6
bxc6 28. Rxc4 e5 29. Rxc6+ Kb8 30. Qd2 Rxd4 31. Rc8+ Rxc8 32. Rxc8+ Kxc8 33.
Qc3+ Nc7 34. Nxd4 exd4 35. Qxd4 Qh3+ 36. Kf2 Qxb3 37. Qxg7 Qd5 38. Qf8+ Kb7 39.
Qb4+ Qb5 40. Qe4+ Nd5 41. Qf3 Qb2+ 42. Kg1 Qd4+ 43. Kh1 f6 44. Qb3+ Kc6 45. Qf3
Qe3 46. Qf5 Qh3+ 47. Kg1 Qg3+ 48. Kh1 Qh4+ 49. Kg1 Qe1+ 50. Kh2 Qe2+ 51. Kh1
Qe1+ 52. Kh2 Qe5+ 0-1

[Event "Zicosur 2016"]
[Site "?"]
[Date "2016.01.09"]
[Round "7.16"]
[White "DUARTE, Leonardo"]
[Black "CARSTENS DOBUCHAK, Thiago"]
[Result "1-0"]
[WhiteElo "2338"]
[BlackElo "2059"]
[PlyCount "105"]
[EventDate "2016.??.??"]

1. e4 c5 2. Nf3 d6 3. d4 cxd4 4. Nxd4 Nf6 5. Nc3 a6 6. Be2 e5 7. Nb3 Be7 8. O-O
O-O 9. Be3 b6 10. Nd5 Nxd5 11. Qxd5 Ra7 12. Bc4 Nd7 13. Rfd1 Nf6 14. Qd3 Bb7
15. f3 Ra8 16. a4 Qc7 17. Nd2 Rfd8 18. Qb3 d5 19. Qxb6 Qxb6 20. Bxb6 Rdc8 21.
exd5 Bxd5 22. Bd3 Rab8 23. a5 Nd7 24. Bf5 Nxb6 25. axb6 Rc6 26. Rxa6 Rcxb6 27.
Rxb6 Rxb6 28. b3 g6 29. Bd3 Bc5+ 30. Kf1 Bd4 31. Ke2 Rb8 32. Bc4 Bc6 33. Ne4
Bxe4 34. fxe4 Kg7 35. Rf1 f6 36. Rf3 Ra8 37. b4 Ra1 38. c3 Bg1 39. h3 Rb1 40.
Rd3 Rb2+ 41. Rd2 Rxd2+ 42. Kxd2 f5 43. Bd5 Kf6 44. c4 f4 45. c5 g5 46. Bb3 Ke7
47. Kd3 Kd7 48. Kc4 Kc6 49. b5+ Kb7 50. Bd1 Bd4 51. Bh5 h6 52. b6 Ka6 53. Bg4
1-0

[Event "ZICOSUR 2016"]
[Site "?"]
[Date "2016.01.09"]
[Round "7.36"]
[White "RIVERA, Andres"]
[Black "ROCCA, Cristian"]
[Result "1/2-1/2"]
[WhiteElo "1985"]
[BlackElo "2083"]
[PlyCount "65"]
[EventDate "2016.??.??"]

1. e4 e6 2. d4 d5 3. e5 c5 4. c3 Nc6 5. Nf3 Bd7 6. a3 Rc8 7. Bd3 b5 8. O-O cxd4
9. cxd4 Qb6 10. Be3 b4 11. Nbd2 Na5 12. Ng5 Bb5 13. Qf3 Nh6 14. Bxb5+ Qxb5 15.
Rac1 Nc6 16. Qh5 g6 17. Qf3 Bg7 18. Rc5 Qa6 19. Rfc1 O-O 20. Qh3 Rfe8 21. Ndf3
bxa3 22. bxa3 Ne7 23. g4 Qxa3 24. Kg2 Rxc5 25. Rxc5 Qd3 26. Nxe6 fxe6 27. Bxh6
Bxh6 28. Qxh6 Qe4 29. Kg3 Qd3 30. Kg2 Qe4 31. Kg3 Qd3 32. Kg2 Qe4 33. Kg3
1/2-1/2

[Event "ZICOSUR 2016"]
[Site "?"]
[Date "2016.01.09"]
[Round "7.19"]
[White "VERGARA, Felipe"]
[Black "SOZA, Jose"]
[Result "1-0"]
[WhiteElo "2114"]
[BlackElo "2252"]
[PlyCount "101"]
[EventDate "2016.??.??"]

1. e4 c5 2. Nf3 e6 3. d4 cxd4 4. Nxd4 a6 5. Nc3 Qc7 6. Qf3 Nf6 7. Bd3 d6 8. Qg3
Nbd7 9. O-O b5 10. a3 Bb7 11. f4 h5 12. Kh1 h4 13. Qh3 Be7 14. Bd2 Nc5 15. Rfe1
g6 16. b4 Nxd3 17. cxd3 Rc8 18. Nf3 Nh5 19. Rac1 Qd7 20. d4 Rc4 21. Kg1 Qc8 22.
f5 exf5 23. exf5 Qxf5 24. Qxf5 gxf5 25. Nxh4 Ng7 26. Bg5 Ne6 27. Bxe7 Kxe7 28.
Nxf5+ Kd7 29. d5 Rg8 30. dxe6+ fxe6 31. Ng3 d5 32. Rf1 Rg7 33. Nce2 e5 34. Rcd1
Ke6 35. Rf8 d4 36. Re8+ Re7 37. Rxe7+ Kxe7 38. Nf5+ Ke6 39. Nfxd4+ exd4 40.
Nxd4+ Ke5 41. Nf3+ Bxf3 42. gxf3 Kf4 43. Rd6 Rc1+ 44. Kg2 Rc2+ 45. Kh3 Kxf3 46.
Rxa6 Rc3 47. Ra5 Rc8 48. Kh4 Kf4 49. Kh5 Rh8+ 50. Kg6 Rxh2 51. Rxb5 1-0

[Event "ZICOSUR 2016"]
[Site "?"]
[Date "2016.01.09"]
[Round "7.12"]
[White "RODRIGUEZ VILA, Andres"]
[Black "ESCALANTE RAMIREZ, Brian Sebas"]
[Result "1/2-1/2"]
[WhiteElo "2497"]
[BlackElo "2331"]
[PlyCount "126"]
[EventDate "2016.??.??"]

1. e4 e6 2. d4 d5 3. exd5 exd5 4. Bd3 Nc6 5. c3 Bd6 6. Ne2 Nge7 7. Qc2 Bg4 8.
O-O Qd7 9. Re1 O-O-O 10. b4 Bf5 11. a4 Bxd3 12. Qxd3 Qf5 13. Qd2 Ng6 14. a5
Rhe8 15. Ng3 Bxg3 16. hxg3 h5 17. f3 Rxe1+ 18. Qxe1 Rh8 19. Na3 h4 20. g4 Qd3
21. Qd2 Qxd2 22. Bxd2 a6 23. Re1 Kd7 24. Nc2 Nce7 25. Kh2 Nc8 26. Ne3 Nge7 27.
g5 Nd6 28. Ng4 Nc4 29. Bf4 c6 30. Be5 Nf5 31. Nh6 Ncd6 32. Bxd6 gxh6 33. Bc5
Re8 34. Rxe8 Kxe8 35. gxh6 Nxh6 36. Bd6 f6 37. Kh3 Nf5 38. Bf4 Kf7 39. Kg4 Kg6
40. Bd2 Nd6 41. Kxh4 Nc4 42. Bc1 Nd6 43. Kg4 Nb5 44. Bd2 Nd6 45. Kf4 Nc4 46.
Bc1 Nd6 47. g4 Nb5 48. Bd2 Nd6 49. Be1 Nc4 50. Bg3 Nd2 51. Bh4 Nb1 52. Be1 Na3
53. g5 Nb5 54. Bh4 Nd6 55. gxf6 Nf7 56. Bg3 Kxf6 57. Ke3 Nh6 58. Kd3 Nf5 59.
Be5+ Ke6 60. c4 Kd7 61. Kc3 Ne3 62. cxd5 cxd5 63. Bf4 Nf5 1/2-1/2

[Event "Zicosur2016"]
[Site "?"]
[Date "2016.01.09"]
[Round "7.38"]
[White "RECABORREN, Gonzalo"]
[Black "CELIS, Kevin"]
[Result "0-1"]
[WhiteElo "1866"]
[BlackElo "2069"]
[PlyCount "94"]
[EventDate "2016.??.??"]

1. d4 d5 2. Bf4 c6 3. c3 Bf5 4. Nd2 Nd7 5. Ngf3 e6 6. e3 h6 7. Ne5 Nxe5 8. Bxe5
Nf6 9. Qb3 Qd7 10. Be2 Be7 11. a4 O-O 12. Qd1 Rfc8 13. b4 a5 14. Qb3 Qd8 15.
O-O axb4 16. cxb4 Nd7 17. Bg3 Qb6 18. Bd3 Qxb4 19. Bxf5 Qxb3 20. Nxb3 exf5 21.
Rfb1 Nb6 22. Nd2 Bd8 23. a5 Nc4 24. Nxc4 dxc4 25. Rxb7 Bxa5 26. Kf1 Bd2 27.
Rxa8 Rxa8 28. Rb8+ Rxb8 29. Bxb8 Bb4 30. Ke2 Kf8 31. f3 Ke7 32. Kd1 Ke6 33. Kc2
Kd5 34. Ba7 g6 35. Bb6 c5 36. dxc5 Bxc5 37. Bxc5 Kxc5 38. Kc3 Kb5 39. g3 h5 40.
h4 Kc5 41. Kc2 Kb4 42. Kb2 c3+ 43. Kc2 Kc4 44. e4 fxe4 45. fxe4 Kd4 46. e5 Kxe5
47. Kxc3 Ke4 0-1

[Event "Zicosur 2016"]
[Site "?"]
[Date "2016.01.09"]
[Round "7.9"]
[White "OBREGON, Carlos Andres"]
[Black "BELMONTE, Diego Mariano"]
[Result "1/2-1/2"]
[WhiteElo "2530"]
[BlackElo "2258"]
[PlyCount "42"]
[EventDate "2016.??.??"]

1. e4 Nf6 2. e5 Nd5 3. d4 d6 4. c4 Nb6 5. exd6 cxd6 6. Nc3 g6 7. Be3 Bg7 8. Rc1
O-O 9. b3 Nc6 10. Nf3 Bg4 11. d5 Ne5 12. Be2 Nxf3+ 13. Bxf3 Bxf3 14. Qxf3 Nd7
15. O-O a6 16. Qe2 Re8 17. Rfd1 Rc8 18. Ne4 Nf6 19. Nc3 Nd7 20. Na4 Nc5 21. Nc3
Nd7 1/2-1/2

[Event "ZICOSUR 2016"]
[Site "?"]
[Date "2016.01.09"]
[Round "7.22"]
[White "MELENDES, Fernando"]
[Black "REQUEJO, Oswaldo"]
[Result "0-1"]
[WhiteElo "1830"]
[BlackElo "2240"]
[PlyCount "62"]
[EventDate "2016.??.??"]

1. Nf3 Nf6 2. g3 b6 3. Bg2 Bb7 4. d4 c5 5. dxc5 bxc5 6. c4 g6 7. O-O Bg7 8. Nc3
O-O 9. Qb3 Qc8 10. Be3 d6 11. Qc2 Nc6 12. a3 Rb8 13. Rab1 a5 14. Bd2 Nd4 15.
Nxd4 cxd4 16. Bxb7 Rxb7 17. Na2 Rb5 18. f3 Rc5 19. Qd3 Rxc4 20. Bxa5 Bh6 21.
Bd2 Bxd2 22. Qxd2 Nd5 23. Rbc1 Ne3 24. Rf2 Rxc1+ 25. Nxc1 Qc4 26. b3 Qc5 27.
Qb2 Nd1 28. Qa1 Nxf2 29. Kxf2 d3+ 30. Ke1 Rc8 31. Nxd3 Qg1+ 0-1

[Event "Zicosur 2016"]
[Site "?"]
[Date "2016.01.09"]
[Round "7.49"]
[White "RIQUELME ABUFFON, Nicolás"]
[Black "HUANCA PEREZ, Joaquin"]
[Result "1-0"]
[WhiteElo "1847"]
[BlackElo "1442"]
[PlyCount "85"]
[EventDate "2016.??.??"]

1. e4 c5 2. Nf3 d6 3. d4 cxd4 4. Nxd4 Nf6 5. Nc3 g6 6. Be3 Bg7 7. Bc4 Nc6 8. f3
O-O 9. Qd2 Nd7 10. h4 Nb6 11. Bb3 Na5 12. Qd3 Nxb3 13. axb3 a6 14. h5 Bd7 15.
O-O-O Qc7 16. Qd2 f6 17. hxg6 hxg6 18. Bh6 Rf7 19. Bxg7 Rxg7 20. Nde2 Kf7 21.
Nf4 g5 22. Ncd5 Qc6 23. Nxb6 Qxb6 24. Nd5 Qc5 25. g4 Rc8 26. Ne3 Be6 27. Kb1 a5
28. Nf5 Bxf5 29. exf5 b6 30. Qe2 Qe5 31. Qa6 Qc5 32. Qd3 Rc7 33. Rhe1 Rh7 34.
Rd2 Rh3 35. Qe2 Qc6 36. Rd3 Qd7 37. Re3 Kf8 38. Qg2 Rh8 39. Rh1 Rxh1+ 40. Qxh1
Kg7 41. Re2 Qe8 42. Rh2 Qg8 43. Rh6 1-0

[Event "Zicosur 2016"]
[Site "?"]
[Date "2016.01.09"]
[Round "7.39"]
[White "SOTELO, Jose"]
[Black "BARRIA, Armin"]
[Result "0-1"]
[WhiteElo "1507"]
[BlackElo "2045"]
[Annotator "Doe,John"]
[PlyCount "74"]
[EventDate "2016.??.??"]

1. e4 e5 2. Nf3 Nc6 3. Bc4 Nf6 4. d3 Bc5 5. c3 Qe7 6. Bb3 d6 7. h3 h6 8. Nbd2
Be6 9. Bc2 d5 10. Qe2 dxe4 11. dxe4 O-O 12. Nf1 Nh5 13. g3 Rad8 14. Ne3 Nf6 15.
Nh4 Qd7 16. Nef5 Bxf5 17. Nxf5 Ne7 18. g4 Nxf5 19. gxf5 Kh7 20. Rg1 Qc6 21. Bd2
Rd7 22. O-O-O Rfd8 23. Qf3 Bf8 24. Qg2 Ne8 25. f4 Bc5 26. Rgf1 Rxd2 27. Rxd2
Be3 28. Rfd1 Rxd2 29. Rxd2 Bxf4 30. Qf3 Nd6 31. b3 Nb5 32. c4 Bxd2+ 33. Kxd2
Qd6+ 34. Bd3 Qb4+ 35. Ke3 Qe1+ 36. Be2 Nc3 37. Qh5 Nd1+ 0-1

[Event "ZICOSUR 2016"]
[Site "?"]
[Date "2016.01.09"]
[Round "7.51"]
[White "GARMENDIA, Sofía"]
[Black "BARRERA, Hugo"]
[Result "0-1"]
[WhiteElo "1335"]
[BlackElo "1785"]
[PlyCount "80"]
[EventDate "2016.??.??"]

1. e4 c6 2. d4 d5 3. Nc3 a6 4. Nf3 Bg4 5. exd5 cxd5 6. h3 Bh5 7. Be2 e6 8. a3
Bd6 9. O-O Ne7 10. Be3 Nbc6 11. Qd3 Bg6 12. Qd2 h6 13. Rfe1 Qc7 14. Rad1 Rd8
15. Na4 Nf5 16. Bd3 Nxe3 17. Qxe3 Bxd3 18. Qxd3 O-O 19. b4 Qe7 20. Nc5 Na7 21.
Ne5 Bxc5 22. bxc5 Ra8 23. Qg3 Rfc8 24. Re3 Nc6 25. Rdd3 Nd8 26. Qg4 Rc7 27. Rg3
f6 28. Ng6 Qe8 29. Nh4 g5 30. f4 Rg7 31. fxg5 hxg5 32. Rde3 Qf7 33. Nf3 f5 34.
Ne5 fxg4 35. Nxf7 Kxf7 36. Rxg4 Ke7 37. h4 Nf7 38. Reg3 Rag8 39. Kf2 e5 40.
dxe5 Ke6 0-1

[Event "ZICOSUR 2016"]
[Site "?"]
[Date "2016.01.09"]
[Round "7.24"]
[White "MESIAS, Rabindranath"]
[Black "CHRISTIE, Ian"]
[Result "1/2-1/2"]
[WhiteElo "1768"]
[BlackElo "2214"]
[PlyCount "71"]
[EventDate "2016.??.??"]

1. e4 e6 2. d4 d5 3. Nd2 Nf6 4. e5 Nfd7 5. Ngf3 c5 6. c3 Nc6 7. Bd3 cxd4 8.
cxd4 Nb6 9. O-O Bd7 10. Nb3 Nb4 11. Bg5 Be7 12. Bxe7 Qxe7 13. Nc5 Nxd3 14. Qxd3
Bc6 15. b3 Nd7 16. Rac1 O-O 17. Rfe1 b6 18. Nxd7 Bxd7 19. Rc7 Rfc8 20. Rec1
Rxc7 21. Rxc7 Qd8 22. Qc2 h6 23. Ne1 Rc8 24. Rxc8 Bxc8 25. Nd3 Ba6 26. Nb4 Bb7
27. g3 Qe7 28. Nd3 Ba6 29. h4 Qa3 30. Nf4 Qb4 31. Qd1 Qc3 32. h5 b5 33. a3 Qb2
34. b4 Qxa3 35. Qc2 Qxb4 36. Qc6 1/2-1/2

[Event "ZICOSUR 2016"]
[Site "?"]
[Date "2016.01.09"]
[Round "7.44"]
[White "CASTILLO, Hernan"]
[Black "GONZALEZ, Diego"]
[Result "0-1"]
[WhiteElo "1771"]
[BlackElo "1841"]
[PlyCount "78"]
[EventDate "2016.??.??"]

1. d4 e6 2. c4 Nf6 3. a3 c5 4. e3 b6 5. Nc3 Bb7 6. d5 exd5 7. cxd5 d6 8. Nf3 g6
9. Bc4 Bg7 10. O-O O-O 11. h3 Re8 12. Qc2 Na6 13. e4 Nc7 14. Bg5 Qd7 15. a4 a6
16. Rfe1 b5 17. axb5 axb5 18. Rxa8 Rxa8 19. Bf1 h6 20. Bf4 Re8 21. Qb3 b4 22.
Bd3 bxc3 23. Qxb7 cxb2 24. Bd2 Qc8 25. Qb6 c4 26. Bc2 c3 27. Bf4 Na8 28. Qb4
Re7 29. Qxd6 Rxe4 30. Rxe4 Nxe4 31. Qb4 Nc5 32. Qc4 Nb6 33. Qb5 Nxd5 34. Bd6
Qb7 35. Qe8+ Kh7 36. Bxc5 b1=Q+ 37. Bxb1 Qxb1+ 38. Qe1 c2 39. Ba3 Bb2 0-1

[Event "ZICOSUR 2016"]
[Site "?"]
[Date "2016.01.09"]
[Round "7.20"]
[White "CHAVES, Bastian"]
[Black "PINEDA, Adolfo"]
[Result "1/2-1/2"]
[WhiteElo "2108"]
[BlackElo "2248"]
[PlyCount "77"]
[EventDate "2016.??.??"]

1. e4 d6 2. d4 Nf6 3. Nc3 e5 4. Nge2 c6 5. g3 b5 6. a3 Be7 7. Bg2 O-O 8. O-O
Nbd7 9. h3 Re8 10. Be3 Bb7 11. g4 Nb6 12. b3 Bf8 13. Ng3 Qc7 14. f4 a6 15. g5
Nfd7 16. dxe5 dxe5 17. f5 a5 18. Qh5 b4 19. axb4 axb4 20. Rxa8 Rxa8 21. Nd1 Ra2
22. Rf2 c5 23. c4 Ra3 24. Rb2 Nb8 25. g6 fxg6 26. fxg6 hxg6 27. Qxg6 Qd6 28.
Qg4 Qd7 29. Nf5 Nc6 30. Rf2 Ra1 31. Rf1 Nd8 32. Kh2 Bc8 33. Qg6 Ne6 34. Nh6+
Kh8 35. Nf7+ Kg8 36. Nh6+ Kh8 37. Nf7+ Kg8 38. Nh6+ Kh8 39. Nf7+ 1/2-1/2

[Event "ZICOSUR 2016"]
[Site "?"]
[Date "2016.01.09"]
[Round "7.29"]
[White "PUPPI LAZO, Jorge Luis"]
[Black "SUÀREZ O'HIGGINS, Luis"]
[Result "1/2-1/2"]
[WhiteElo "2139"]
[BlackElo "1992"]
[PlyCount "108"]
[EventDate "2016.??.??"]

1. d4 d5 2. Nc3 g6 3. e4 dxe4 4. Nxe4 Bg7 5. Nf3 Nf6 6. Nxf6+ Bxf6 7. Be3 c5 8.
c3 cxd4 9. Nxd4 O-O 10. Be2 Bd7 11. O-O Nc6 12. Nb3 Qc7 13. Nc5 Bc8 14. f4 b6
15. Ne4 Bg7 16. Qe1 Bf5 17. Ng3 e6 18. Nxf5 exf5 19. Bf3 Rfe8 20. Qf2 Rad8 21.
Bxc6 Qxc6 22. a4 Rd3 23. Rfe1 Bf8 24. Bd4 Rxe1+ 25. Qxe1 Bc5 26. Bxc5 Qxc5+ 27.
Kh1 Qd5 28. c4 Qxc4 29. Qe8+ Kg7 30. Qe5+ f6 31. Qe7+ Qf7 32. Qe2 Rd4 33. a5
bxa5 34. Rxa5 Qc7 35. Ra1 a5 36. h3 Rxf4 37. Qd2 a4 38. Rd1 Rc4 39. Qd3 Rc1 40.
Qd2 Rxd1+ 41. Qxd1 Qb7 42. Qd4 Qb5 43. Qa7+ Kh6 44. Qd4 Qc6 45. Qh4+ Kg7 46.
Qd4 g5 47. Qd2 Kg6 48. Qd8 Qc1+ 49. Kh2 Qf4+ 50. Kh1 Qc1+ 51. Kh2 Qxb2 52. Qe8+
Kg7 53. Qe7+ Kg8 54. Qe8+ Kg7 1/2-1/2

[Event "Zicosur 2016"]
[Site "?"]
[Date "2016.01.08"]
[Round "8.37"]
[White "GONZALEZ, Diego"]
[Black "MUNOZ, Nelson"]
[Result "1/2-1/2"]
[WhiteElo "1941"]
[BlackElo "2071"]
[PlyCount "56"]
[EventDate "2016.??.??"]

1. Nf3 e6 2. c4 Nf6 3. Nc3 d5 4. d4 dxc4 5. e4 Bb4 6. Bg5 c5 7. Bxc4 cxd4 8.
Nxd4 Qa5 9. Bd2 O-O 10. Nc2 Bxc3 11. Bxc3 Qg5 12. Qe2 Qxg2 13. O-O-O Qxe4 14.
Ne3 e5 15. Rhg1 g6 16. f4 Qxf4 17. Rgf1 Qh4 18. Bd3 Be6 19. Be1 Qa4 20. Rxf6
Nc6 21. Rxe6 Nd4 22. Qg4 Qxa2 23. Bxg6 hxg6 24. Rxg6+ fxg6 25. Qxg6+ Kh8 26.
Qh6+ Kg8 27. Qg6+ Kh8 28. Qh6+ Kg8 1/2-1/2

[Event "Zicosur 2016"]
[Site "?"]
[Date "2016.01.09"]
[Round "8.25"]
[White "DONAYRE, Bertín"]
[Black "CHRISTIE, Ian"]
[Result "1-0"]
[WhiteElo "2134"]
[BlackElo "1778"]
[PlyCount "57"]
[EventDate "2016.??.??"]

1. e4 c5 2. Nf3 d6 3. d4 cxd4 4. Nxd4 Nf6 5. Nc3 g6 6. Be3 Bg7 7. f3 O-O 8. Bc4
Nc6 9. Bb3 Bd7 10. h4 Qa5 11. Qd2 Rfc8 12. O-O-O Ne5 13. g4 Nc4 14. Bxc4 Rxc4
15. h5 Rac8 16. hxg6 fxg6 17. Nb3 Qa6 18. e5 Rxc3 19. bxc3 Nxg4 20. fxg4 Bxg4
21. Rdf1 Qa3+ 22. Kb1 Be6 23. Qh2 h5 24. Qg2 Bg4 25. Qe4 Rxc3 26. Qxg6 Rxb3+
27. axb3 Qa5 28. Qf7+ Kh7 29. Rxh5+ 1-0